Tame Impala Lyrics - Yes I'm Changing - Statistics

General Stats
  • This quiz has been taken 35 times
  • The average score is 190 of 248
Answer Stats
Lyrics % Correct
I
100%
a
96%
changing,
96%
I'm
96%
the
96%
The
96%
Yes,
96%
yes,
96%
And
92%
and
92%
it
92%
you
92%
can
88%
do
88%
for
88%
if
88%
is
88%
Is
88%
it's
88%
It's
88%
me
88%
my
88%
There
88%
there
88%
was
88%
another
83%
Another
83%
be
83%
but
83%
But,
83%
come
83%
demons
83%
In
83%
moving
83%
moving,
83%
on
83%
on)
83%
raging,
83%
world
83%
can't
79%
change,
79%
crime,
79%
cultivate
79%
don't
79%
future
79%
late
79%
no
79%
see?
79%
There's
79%
there's
79%
think
79%
with
79%
along
75%
call)
75%
callin'
75%
felt
75%
gone
75%
left
75%
Life
75%
nothing
75%
older,
75%
out
75%
strangest
75%
that
75%
wasn't
75%
always
71%
away
71%
emotion
71%
even
71%
girl,
71%
hate
71%
hide
71%
how
71%
know
71%
now
71%
now,
71%
of
71%
So
71%
to
71%
waiting
71%
admit
67%
calling
67%
indulgence
67%
must
67%
myself
67%
once
67%
too
67%
version
67%
wouldn't
67%
after
63%
baby,
63%
blue
63%
bullshit,
63%
name
63%
never
63%
people
63%
say
63%
stop
63%
They
63%
they
63%
through
63%
wanted,
63%
yours,
63%
Yours
63%
yours
63%
at
58%
caught
58%
found
58%
glimpse,
58%
going
58%
door
54%
hoping
54%
last
54%
saw
54%
searching
54%
that's
54%
beyond
50%
I've
50%
different,
46%
walk
46%
walk,
46%
Arise
42%
Curse
38%
fame
38%
despite
21%
(Listen
21%
(Time
21%
rolls
13%
endlessley
0%
No matching quizzes found
Score Distribution
Percent of People with Each Score
Percentile by Number Answered
Your Score History
You have not taken this quiz